01203nam a2200337 i 450000500170000000700030001700800410002002000180006104000350007908400110011410000460012524500600017126400420023130000250027333600270029833700330032533800280035849000210038652100380040754500580044565000380050365000420054165000400058365000440062365000370066765000330070465000520073765100460078994200150083599900150085020220317002030.0ta201111s2016 ck er 000 fdspa d a9789588926247 aCO-BoRNBPbspaerdacCO-BoRNBP aN PEL21 aPeláez Q., Gloria Inésd1956-eautora10aEra mucho el miedobnovelacGloría Inés Peláez Q. 1aBogotábEdiciones Desde abajoc2016 a246 páginasc21 cm 2rdacontentatextobtxt 2rdamediaasin mediaciónbn 2rdacarrieravolumenbnc0 aRíos de letras aRecomendado para público adulto aIncluye datos biográficos de la autora en la solapa172LEMBaNovela colombianaySiglo XX172LEMBaLiteratura colombianaySiglo XX172LEMBaAutores colombianosySiglo XX172LEMBaViolencia contra la mujervNovela172LEMBaViolencia conyugalvNovela172LEMBaMadres e hijasvNovela172LEMBaAuto realización (Psicología)vNovela 4aArmero (Tolima, Colombia)vNovela9155884 2loccBKLIT c8962d8962